Kleine Schriften zum antiken Buch- und Bibliothekswesen
| Main Author: | |
|---|---|
| Contributors: | |
| Format: | Print Book |
| Language: | German |
| Subito Delivery Service: | Order now. |
| Check availability: | HBZ Gateway |
| WorldCat: | WorldCat |
| Interlibrary Loan: | Interlibrary Loan for the Fachinformationsdienste (Specialized Information Services in Germany) |
| Published: |
Köln
Greven
1974
|
| In: | Year: 1974 |
| Series/Journal: | Veröffentlichung des Bibliothekar-Lehrinstituts des Landes Nordrhein-Westfalen
|
| Standardized Subjects / Keyword chains: | B
Library
/ History 800 BC-500
B Book / History 800 BC-500 |
| Further subjects: | B
Collection of essays
B Libraries History To 400 B Classical literature Manuscripts B Manuscripts, Medieval B Libraries History 400-1400 |
MARC
| LEADER | 00000cam a2200000 c 4500 | ||
|---|---|---|---|
| 001 | 113086482 | ||
| 003 | DE-627 | ||
| 005 | 20251222200114.0 | ||
| 007 | tu | ||
| 008 | 921123s1974 gw ||||| 00| ||ger c | ||
| 015 | |a 75,A13,0012 |2 dnb | ||
| 016 | 7 | |a 750126833 |2 DE-101 | |
| 020 | |a 3774306575 |c : DM48.00 |9 3-7743-0657-5 | ||
| 035 | |a (DE-627)113086482 | ||
| 035 | |a (DE-576)004551257 | ||
| 035 | |a (DE-599)GBV113086482 | ||
| 035 | |a (OCoLC)01948660 | ||
| 035 | |a (OCoLC)263393863 | ||
| 035 | |a (DE-604)8009473556 | ||
| 040 | |a DE-627 |b ger |c DE-627 |e rakwb | ||
| 041 | |a ger | ||
| 044 | |c XA-DE | ||
| 050 | 0 | |a Z722 | |
| 082 | 0 | |a 021/.009/1 | |
| 084 | |a 01a |2 sdnb | ||
| 084 | |a AN 59000 |2 rvk |0 (DE-625)rvk/6181: | ||
| 084 | |a AN 59100 |2 rvk |0 (DE-625)rvk/6182: | ||
| 084 | |a FB 3925 |2 rvk |0 (DE-625)rvk/29934: | ||
| 084 | |a NH 5250 |2 rvk |0 (DE-625)rvk/125678: | ||
| 100 | 1 | |0 (DE-588)119491796 |0 (DE-627)080307353 |0 (DE-576)163525625 |4 aut |a Wendel, Carl |d 1874-1951 | |
| 109 | |a Wendel, Carl 1874-1951 |a Wendel, Carl Theodor Eduard 1874-1951 |a Wendel, Karl 1874-1951 |a Wendel, Karl Theodor Eduard 1874-1951 |a Wendel, Carolus 1874-1951 | ||
| 245 | 1 | 0 | |a Kleine Schriften zum antiken Buch- und Bibliothekswesen |c Carl Wendel. Hrsg. von Werner Krieg |
| 264 | 1 | |a Köln |b Greven |c 1974 | |
| 300 | |a 240 S. |b Ill. |c 25 cm | ||
| 336 | |a Text |b txt |2 rdacontent | ||
| 337 | |a ohne Hilfsmittel zu benutzen |b n |2 rdamedia | ||
| 338 | |a Band |b nc |2 rdacarrier | ||
| 490 | 0 | |a Veröffentlichung des Bibliothekar-Lehrinstituts des Landes Nordrhein-Westfalen | |
| 500 | |a Literaturangaben | ||
| 601 | |a Schrift | ||
| 653 | 0 | |a Libraries |a History |a To 400 | |
| 653 | 0 | |a Libraries |a History |a 400-1400 | |
| 653 | 0 | |a Classical literature |a Manuscripts | |
| 653 | 0 | |a Manuscripts, Medieval | |
| 655 | 7 | |a Aufsatzsammlung |0 (DE-588)4143413-4 |0 (DE-627)105605727 |0 (DE-576)209726091 |2 gnd-content | |
| 689 | 0 | 0 | |d s |0 (DE-588)4006439-6 |0 (DE-627)106377523 |0 (DE-576)208865586 |2 gnd |a Bibliothek |
| 689 | 0 | 1 | |q z |2 gnd |a Geschichte v800-500 |
| 689 | 0 | |5 (DE-627) | |
| 689 | 1 | 0 | |d s |0 (DE-588)4008570-3 |0 (DE-627)106367315 |0 (DE-576)208877150 |2 gnd |a Buch |
| 689 | 1 | 1 | |q z |2 gnd |a Geschichte v800-500 |
| 689 | 1 | |5 (DE-627) | |
| 689 | 2 | 0 | |d s |0 (DE-588)4006439-6 |0 (DE-627)106377523 |0 (DE-576)208865586 |2 gnd |a Bibliothek |
| 689 | 2 | 1 | |q z |2 gnd |a Geschichte v800-500 |
| 689 | 2 | |5 (DE-627) | |
| 689 | 3 | 0 | |d s |0 (DE-588)4008570-3 |0 (DE-627)106367315 |0 (DE-576)208877150 |2 gnd |a Buch |
| 689 | 3 | 1 | |q z |2 gnd |a Geschichte v800-500 |
| 689 | 3 | |5 (DE-627) | |
| 700 | 1 | |e Hrsg. |0 (DE-588)11872441X |0 (DE-627)079505872 |0 (DE-576)161831338 |4 edt |a Krieg, Werner |d 1908-1989 | |
| 935 | |i Blocktest | ||
| 936 | r | v | |a AN 59000 |b Allgemeines |k Allgemeines |k Buch- und Bibliothekswesen, Informationswissenschaft |k Bibliothekswesen |k Biografie, Geschichte |k Bibliotheksgeschichte |k Allgemeines |0 (DE-627)1270926772 |0 (DE-625)rvk/6181: |0 (DE-576)200926772 |
| 936 | r | v | |a AN 59100 |b Altertum |k Allgemeines |k Buch- und Bibliothekswesen, Informationswissenschaft |k Bibliothekswesen |k Biografie, Geschichte |k Bibliotheksgeschichte |k Altertum |0 (DE-627)1271514966 |0 (DE-625)rvk/6182: |0 (DE-576)201514966 |
| 936 | r | v | |a FB 3925 |b Handschriftenkunde, Paläografie, Buchwesen |k Klassische Philologie. Byzantinistik. Mittellateinische und Neugriechische Philologie. Neulatein |k Klassische Philologie |k Hilfswissenschaften und Grenzgebiete |k Handschriftenkunde, Paläografie, Buchwesen |0 (DE-627)1270770292 |0 (DE-625)rvk/29934: |0 (DE-576)200770292 |
| 936 | r | v | |a NH 5250 |b Religions-, Geistes- und Kulturgeschichte |k Geschichte |k Griechisch-römische Geschichte |k Darstellungen zur griechisch-römischen Geschichte |k Religions-, Geistes- und Kulturgeschichte |0 (DE-627)1270945351 |0 (DE-625)rvk/125678: |0 (DE-576)200945351 |
| 951 | |a BO | ||
| ACO | |a 1 | ||
| ELC | |b 1 | ||
| ITA | |a 1 |t 1 | ||
| LOK | |0 000 xxxxxcx a22 zn 4500 | ||
| LOK | |0 001 3092474406 | ||
| LOK | |0 003 DE-627 | ||
| LOK | |0 004 113086482 | ||
| LOK | |0 005 19980718000000 | ||
| LOK | |0 008 980718||||||||||||||||ger||||||| | ||
| LOK | |0 040 |a DE-21 |c DE-627 |d DE-21 | ||
| LOK | |0 852 |a DE-21 | ||
| LOK | |0 852 1 |c 15 A 9143 |9 00 | ||
| LOK | |0 935 |a kram |a konv | ||
| LOK | |0 939 |a 18-07-98 |b l01 | ||
| ORI | |a SA-MARC-ixtheob001.raw | ||
| REF | |a Bibliotheksgeschichte | ||
| REL | |a 1 | ||
| SPR | |a 1 |t IXT | ||
| STA | 0 | 0 | |a Book,Book,Books,Books in literature,Library,Library,Libraries in art |
| STB | 0 | 0 | |a Bibliothèque,Bibliothèque,Livre,Livre,Livres |
| STC | 0 | 0 | |a Biblioteca,Biblioteca,Libro,Libro |
| STD | 0 | 0 | |a Biblioteca,Biblioteca,Libro,Libro |
| STE | 0 | 0 | |a 书籍,图书,书,图书馆,图书馆 |
| STF | 0 | 0 | |a 圖書館,圖書館,書籍,圖書,書 |
| STG | 0 | 0 | |a Biblioteca,Biblioteca,Livro,Livro |
| STH | 0 | 0 | |a Библиотека (мотив),Библиотека,Книга (мотив),Книга |
| STI | 0 | 0 | |a Βιβλίο (μοτίβο),Βιβλίο,Βιβλιοθήκη (μοτίβο),Βιβλιοθήκη |
| SUB | |a REL | ||
| SYG | 0 | 0 | |a Missale Hervoiae,The Poblet Haggadah,Haggadah de Poblet,Haggadā šel Pesah,Handschrift,Poblet,Kloster,Bibliothek,Ms. 100,Vita Meinwerci episcopi Patherbrunnensis,Handschrift,Trier,Bistumsarchiv,Bibliothek,Cod.37 , Bibliotheken,Allgemeinbibliothek,Bibliothekswesen,Bücherei,Universalbibliothek,Gebrauchsbibliothek , Buchwesen,Bücher , Missale Hervoiae,The Poblet Haggadah,Haggadah de Poblet,Haggadā šel Pesah,Handschrift,Poblet,Kloster,Bibliothek,Ms. 100,Vita Meinwerci episcopi Patherbrunnensis,Handschrift,Trier,Bistumsarchiv,Bibliothek,Cod.37 , Bibliotheken,Allgemeinbibliothek,Bibliothekswesen,Bücherei,Universalbibliothek,Gebrauchsbibliothek , Buchwesen,Bücher |
| TIM | |a 099992000101_100005001231 |b Geschichte v800-500 | ||



